000 00309nam a22001337a 4500
008 181207b xxu||||| |||| 00| 0 eng d
020 _a0815176325
041 _aeng
080 _23rd
_a610
100 _a4
101 _aSHM
245 _aClinical Application of Blood Gases
_cShapiro,Sh.A
942 _2udc
_cBK
999 _c53040
_d53040